Normal view
MARC view
- Khattak, Javeria
Entry Personal Name
001 - CONTROL NUMBER
- control field: 133089
003 - CONTROL NUMBER IDENTIFIER
- control field: NUST
005 - DATE AND TIME OF LATEST TRANSACTION
- control field: 20260204105116.0
008 - FIXED-LENGTH DATA ELEMENTS
- fixed length control field: 260204|| aca||aabn | a|a d
040 ## - CATALOGING SOURCE
- Original cataloging agency: NUST
- Transcribing agency: NUST
100 ## - HEADING--PERSONAL NAME
- Personal name: Khattak, Javeria
670 ## - SOURCE DATA FOUND
- Source citation: Work cat.: (NUST): Khattak, Javeria , Intelligent Control Of Renewable Energy-Powered Tethered UAV Systems/
